00343pab a2200121 454500008004000000100001800040245007500058260000900133300001100142362000900153650002500162773003400187180718b1988 xxu||||| |||| 00| 0 eng d aD'Cunha, Jean aThe suppression of Immoral Traffic in Women and Girls Act (1956) India c1988 a431-52 aOct. aProstitution - India aIndian Journal of Social Work